000 007640000a22002050004500
020 _a958-9044-30-1
041 0 _aSPA
082 0 4 _aG 179 T626s
100 1 _aTéllez, Freddy (1946-)
245 1 0 _aLa sexualidad del feminismo ¿biología o cultura? / Freddy Téllez
260 _aBogotá, Colombia : Carlos Valencia
300 _a124 Pag.
505 0 0 _aRoles sexuales y pulsión biológica -- el problema de la feminidad -- opresión de la mujer y sexualidad -- machismo, feminismo y el ocultamiento de lo sexual -- naturaleza y cultura -- la opresión de la mujer
650 1 4 _aFEMINISMO \ ROLES SEXUALES
001 1381
942 _cBK
999 _c32704
_d32704
336 _atexto
_btxt
_2rdacontent
337 _2rdamedia
_asin mediación
_bn
338 _2rdacarrier
_avolumen
_bnc